书目信息 |
| 题名: |
中美俄新型尖端武器:中国
|
|
| 作者: | 王天晞 , 冯虹 主编 | |
| 分册: | ||
| 出版信息: | 北京 光明日报出版社 1997.11 |
|
| 页数: | 268页 | |
| 开本: | 32开 | |
| 丛书名: | ||
| 单 册: | ||
| 中图分类: | E92(2) | |
| 科图分类: | ||
| 主题词: | 武器--军事技术 , 军用器材--军事技术 | |
| 电子资源: | ||
| ISBN: | 7-80091-500-X | |
| 000 | 00669nam0 2200217 45 | |
| 001 | 0103201146 | |
| 005 | 20010320112307.6 | |
| 010 | @a7-80091-500-X@d(全三册)58.00元 | |
| 100 | @a20010320d1997 km y0chiy0120 ea | |
| 101 | 0 | @achi |
| 105 | @a z 000yy | |
| 200 | 1 | @a中美俄新型尖端武器:中国@AZhong Mei E Xin Xing Jian Duan Wu Qi:Zhong Guo@f王天晞,冯虹主编@FWang Tian晞,Feng Hong Zhu Bian |
| 210 | @a北京@c光明日报出版社@d1997.11 | |
| 215 | @a268页@d32开 | |
| 606 | 0 | @a武器@x军事技术 |
| 606 | 0 | @a军用器材@x军事技术 |
| 690 | @aE92(2)@v3 | |
| 701 | 0 | @a王天晞@4主编 |
| 701 | 0 | @a冯虹@4主编 |
| 801 | @aCN@bPftUser@c20010320 | |
| 905 | @b330970-971@dE92(2)@eW900@f2 | |
| 中美俄新型尖端武器:中国/王天晞,冯虹主编.-北京:光明日报出版社,1997.11 |
| 268页;32开 |
| ISBN 7-80091-500-X:(全三册)58.00元 |
| ● |
| 相关链接 |
|
|
|
正题名:中美俄新型尖端武器:中国
索取号:E92(2)/W900
 
预约/预借
| 序号 | 登录号 | 条形码 | 馆藏地/架位号 | 状态 | 备注 |
| 1 | 330970 | 203309703 | 社科库509/509社科库 126排1列2层/ [索取号:E92(2)/W900] | 在馆 | |
| 2 | 330971 | 203309712 | 社科库509/509社科库 126排1列2层/ [索取号:E92(2)/W900] | 在馆 |